Μεθοδολογική προσέγγιση της επιλογής προστατευτέων περιοχών : επίδραση της κλίμακας μελέτης στον σχεδιασμό της προστασίας : δομή της απειλούμενης ορνιθοπανίδας στον ελλαδικό χώρο : πτυχιακή εργασία
Αποθηκεύτηκε σε:
| Κύριος συγγραφέας: | |
|---|---|
| Συγγραφή απο Οργανισμό/Αρχή: | |
| Άλλοι συγγραφείς: | |
| Μορφή: | Thesis Βιβλίο |
| Γλώσσα: | Greek |
| Δημοσίευση: |
Μυτιλήνη :
Πανεπιστήμιο Αιγαίου, Τμήμα Περιβάλλοντος, Τομέας Διαχείρισης Οικοσυστήματων,
1994
|
| Θέματα: | |
| Διαθέσιμο Online: | http://hdl.handle.net/11610/9865 |
| Ετικέτες: |
Προσθήκη ετικέτας
Δεν υπάρχουν, Καταχωρήστε ετικέτα πρώτοι!
|
MARC
| LEADER | 00000cam a2200000 i 4500 | ||
|---|---|---|---|
| 001 | 1/4445 | ||
| 008 | 000529s1994 gre d | ||
| 035 | |l 10061195 | ||
| 040 | |a GR-MY-UA |b gre |e aacr | ||
| 041 | 0 | |a gre | |
| 082 | 0 | |a 333.7 |2 (22) | |
| 100 | 1 | |a Γιαννουράκος, Μάριος. | |
| 245 | 1 | 0 | |a Μεθοδολογική προσέγγιση της επιλογής προστατευτέων περιοχών : |b επίδραση της κλίμακας μελέτης στον σχεδιασμό της προστασίας : δομή της απειλούμενης ορνιθοπανίδας στον ελλαδικό χώρο : πτυχιακή εργασία / |c Γιαννουρακος Μάριος ; επιβλέπων καθηγητής: Ανδρέας Τρούμπης |
| 260 | |a Μυτιλήνη : |b Πανεπιστήμιο Αιγαίου, Τμήμα Περιβάλλοντος, Τομέας Διαχείρισης Οικοσυστήματων, |c 1994 | ||
| 300 | |a 31 σ.; |b πικ., σχ.; |c 30 εκ.+ |e 6 χάρτες | ||
| 502 | |a Πτυχιακή εργασία – Πανεπιστήμιο Αιγαίου, Λέσβος, 1994. | ||
| 504 | |a Περιέχει παραρτήματα και βιβλιογραφία | ||
| 650 | 0 | 0 | |a Protected areas |z Greece. |
| 650 | 0 | 0 | |a Wildlife management areas |z Greece. |
| 650 | 0 | 0 | |a Endangered species |z Greece. |
| 650 | 0 | 0 | |a Dissertations, Academic |z Greece. |
| 700 | 1 | |a Τρούμπης, Ανδρέας. |4 ths | |
| 710 | 2 | |a Πανεπιστήμιο Αιγαίου. |b Σχολή Περιβάλλοντος. |b Τμήμα Περιβάλλοντος. | |
| 852 | |a INST |b LESVOS |c DIATR |e 20000529 |h 153 |p 005100026163 |q 005100026163 |t DIE |y 23 | ||
| 852 | |a INST |b LESVOS |c DIATR |e 20000529 |h 154 |p 005100026164 |q 005100026164 |t DIE |y 23 | ||
| 856 | |u http://hdl.handle.net/11610/9865 | ||
| 901 | |a BIBL1-2000-2 | ||
| 909 | |a Λ |b 078978 | ||
| 909 | |a Λ |b 078979 | ||
| 924 | |a ΓΙΑΝΝΟΥΡΑΚΟΣ |b ΜΑΡΙΟΣ |y ΛΕΣΒΟΣ |z 1994-06 | ||
| 970 | |a ΑΙΒΑΤΖΙΔΟΥ |b ΕΛΕΝΗ |z 2000/05/29 | ||